00523nam a2200145Ia 4500008004100000020002200041041000800063082002800071100002700099245003200126260003700158300000900195999001900204952015400223230519s9999 xx 000 0 und d a978-93-5152-235-5 aeng aMS/610.73677/UDW/DB0976 aUdwadia Farokh9178894 aPrinciples of Critical Care bJaypee BrothersaNew Delhic2014 a980p c159560d159560 001040708MSaBTINbBTINd2022-04-16g1755.00i55l1oMS 610.73677 UDW DB0976pBTIN-DB-976r2023-08-29 00:00:00s2023-08-22w2022-04-16yDBzDB0976